| 000 | 01546nam a2200409 i 4500 | ||
|---|---|---|---|
| 001 | KN3282000989091748 | ||
| 003 | CZ PrSKC | ||
| 005 | 20260415091855.0 | ||
| 008 | 250624s2025 xr |||||||||||||| ||cze d | ||
| 020 | _a9788076797147 | ||
| 040 |
_aKVG003 _bcze _erda |
||
| 041 | 1 |
_acze _hjpn |
|
| 100 | 1 |
_aNakatani, Nio, _d1987- _4aut _917179 |
|
| 240 | 1 | 0 |
_aYagate kimi ni naru. _lČesky |
| 245 | 1 | 0 |
_aJednou rozkvetu i já / _cNio Nakatani ; překlad: Lucie Uhlířová, Pavlína Paraiová |
| 250 | _aPrvní vydání | ||
| 264 | 1 |
_aV Praze : _bCrew : _bAnimefest, _c2025 |
|
| 300 |
_a213 stran : _bilustrace ; _c19 cm |
||
| 490 | 1 | _aCrew manga | |
| 500 | _aPřeloženo z japonštiny | ||
| 500 | _aTištěno zprava doleva ve stylu manga | ||
| 505 | 1 | _a1. 2023. 180 stran -- 2. 2023. 178 stran -- 3. 2023. 178 stran -- 4. 2024. 178 stran -- 5. 2024. 178 stran -- 6. 2024. 178 stran -- 7. 2024. 180 stran -- 8. 2025. 213 stran | |
| 520 | 2 | _aManga příběh, ve kterém na střední škole rozkvétá romantický příběh dvou dívek. | |
| 653 | 0 |
_akomiksy _ajaponské _amanga _adospívání _aláska _adívky _aLGBT |
|
| 655 | 7 |
_amanga _914003 |
|
| 655 | 7 |
_aromantické komiksy _913886 |
|
| 655 | 7 |
_aqueer literatura _918889 |
|
| 655 | 7 | _apublikace pro mládež | |
| 655 | 7 |
_amanga _914003 |
|
| 655 | 9 |
_aromance comics _913887 |
|
| 655 | 9 |
_aqueer literature _918890 |
|
| 655 | 9 | _ajuvenile literature | |
| 700 | 1 |
_aUhlířová, Lucie _4trl _917180 |
|
| 700 | 1 |
_aParaiová, Pavlína _4trl _917181 |
|
| 910 | _aABG508 | ||
| 999 |
_c34166 _d34166 |
||